<?xml version="1.0" encoding="UTF-8"?>
<record
    xmlns:xsi="http://www.w3.org/2001/XMLSchema-instance"
    xsi:schemaLocation="http://www.loc.gov/MARC21/slim http://www.loc.gov/standards/marcxml/schema/MARC21slim.xsd"
    xmlns="http://www.loc.gov/MARC21/slim">

  <leader>01745nam a22002297a 4500</leader>
  <controlfield tag="005">20250707095544.0</controlfield>
  <controlfield tag="008">250705b        |||||||| |||| 00| 0 eng d</controlfield>
  <datafield tag="020" ind1=" " ind2=" ">
    <subfield code="a">9789360454395</subfield>
  </datafield>
  <datafield tag="040" ind1=" " ind2=" ">
    <subfield code="c">AL</subfield>
  </datafield>
  <datafield tag="041" ind1=" " ind2=" ">
    <subfield code="a">English</subfield>
  </datafield>
  <datafield tag="082" ind1=" " ind2=" ">
    <subfield code="a">659.2</subfield>
    <subfield code="b">PRAS</subfield>
  </datafield>
  <datafield tag="100" ind1=" " ind2=" ">
    <subfield code="a">Amith prabhu</subfield>
    <subfield code="9">217536</subfield>
  </datafield>
  <datafield tag="245" ind1=" " ind2=" ">
    <subfield code="a">Spark</subfield>
    <subfield code="b">: Stories and insights from Indias public relations pioneers</subfield>
  </datafield>
  <datafield tag="260" ind1=" " ind2=" ">
    <subfield code="a">Chennai </subfield>
    <subfield code="b">Westland business</subfield>
    <subfield code="c">2024</subfield>
  </datafield>
  <datafield tag="300" ind1=" " ind2=" ">
    <subfield code="a">226 p.</subfield>
    <subfield code="b">PB</subfield>
    <subfield code="c">22x14 cm.</subfield>
  </datafield>
  <datafield tag="365" ind1=" " ind2=" ">
    <subfield code="a">FQAF-5546</subfield>
    <subfield code="b">&#x20B9;258.00</subfield>
    <subfield code="c">&#x20B9;</subfield>
    <subfield code="d">&#x20B9;258.00</subfield>
    <subfield code="e">0%</subfield>
    <subfield code="f">30-06-2025</subfield>
  </datafield>
  <datafield tag="520" ind1=" " ind2=" ">
    <subfield code="a">Twenty-four profiles and perspectives from the pioneers of the Indian PR industry.
Sunil Agarwal. Atul Ahluwalia. Madan Bahal. Manisha Chaudhary. Kunal Kishore Sinha. Dilip Cherian. Rajiv Desai. Sunil Gautam. Aman Gupta. Shivani Gupta. Vineet Handa. Archana Jain. Ashish Jalan. Zacharia James. Samir Kale. Bobby Kewalramani. Nikhil Khanna. Nandita Lakshmanan. Gaurav Patra. Roger Pereira. Bela Rajan. N. Sundar Rajan. Prema Sagar. Rishi Seth.
Everyone associated with the field of public relations is familiar with these names. They are the pioneers of the PR business, and they are the ones who have shaped it into what it is today.
In Spark: Stories and Insights from Indias Public Relations Pioneers, editors Amith Prabhu and Sarika Chavan have compiledthe profiles of twenty-four PR senior professionals. Each essay describes their tryst with the profession, their take on the evolution of PR consultancy and what they see as the future of the business, as well as the skills and serendipity that led to their success.
A must-read for every PR professional and enthusiast...</subfield>
  </datafield>
  <datafield tag="650" ind1=" " ind2=" ">
    <subfield code="a">Builders</subfield>
    <subfield code="9">217537</subfield>
  </datafield>
  <datafield tag="650" ind1=" " ind2=" ">
    <subfield code="a">business</subfield>
    <subfield code="9">217538</subfield>
  </datafield>
  <datafield tag="700" ind1=" " ind2=" ">
    <subfield code="a">Chavan,Sarika</subfield>
    <subfield code="9">217528</subfield>
  </datafield>
  <datafield tag="942" ind1=" " ind2=" ">
    <subfield code="2">ddc</subfield>
    <subfield code="c">BK</subfield>
  </datafield>
  <datafield tag="999" ind1=" " ind2=" ">
    <subfield code="c">234589</subfield>
    <subfield code="d">234589</subfield>
  </datafield>
  <datafield tag="952" ind1=" " ind2=" ">
    <subfield code="0">0</subfield>
    <subfield code="1">0</subfield>
    <subfield code="2">ddc</subfield>
    <subfield code="4">0</subfield>
    <subfield code="7">0</subfield>
    <subfield code="8">JR</subfield>
    <subfield code="a">AL</subfield>
    <subfield code="b">AL</subfield>
    <subfield code="d">2025-07-05</subfield>
    <subfield code="g">258.00</subfield>
    <subfield code="l">0</subfield>
    <subfield code="o">659.2 PRAS</subfield>
    <subfield code="p">077721</subfield>
    <subfield code="r">2025-07-05 12:47:01</subfield>
    <subfield code="v">258.00</subfield>
    <subfield code="w">2025-07-05</subfield>
    <subfield code="y">BK</subfield>
  </datafield>
</record>
